Magyar Belyegek Katalogusa 1993 (Record no. 730)

000 -LEADER
fixed length control field 00286nam a22001217a 4500
003 - CONTROL NUMBER IDENTIFIER
control field OSt
008 - FIXED-LENGTH DATA ELEMENTS--GENERAL INFORMATION
fixed length control field 150215b xxu||||| |||| 00| 0 eng d
041 ## - LANGUAGE CODE
Language code of text/sound track or separate title eng
050 00 - LIBRARY OF CONGRESS CALL NUMBER
Classification number 0460-5446
245 10 - TITLE STATEMENT
Title Magyar Belyegek Katalogusa 1993
260 ## - PUBLICATION, DISTRIBUTION, ETC. (IMPRINT)
Name of publisher, distributor, etc. funk and Wagnalls Company
Date of publication, distribution, etc. 1993
300 ## - PHYSICAL DESCRIPTION
Extent 0 pages
Holdings
Withdrawn status Lost status Source of classification or shelving scheme Damaged status Not for loan Collection code Permanent Location Current Location Date acquired Total Checkouts Full call number Barcode Date last seen Date last checked out Price effective from Koha item type
          Al Hyman Northern Philatelic Library Northern Philatelic Library 02/15/2015 1 G6500 A1 M213 1001149 07/13/2023 06/17/2023 06/28/2015 Books

Powered by Koha